000 00847nam a2200229 i 4500
001 149128
003 ES-MaACL
005 20260104152450.0
007 t|
008 070214s1979 fr r ||||1| mul d
111 2 _aSymposium Aristotelicum
_n(6º.
_d1972.
_cCerisy-la-Salle, Normandie)
_9174670
245 1 0 _aEtudes sur la Métaphysique d'Aristote :
_bactes du VIe Symposium Aristotelicum /
_cpubliés par Pierre Aubenque.
260 _aParis :
_bJ. Vrin,
_c1979.
300 _a273 p. ;
_c24 cm.
490 1 _aBibliothèque d'histoire de la philosophie
546 _aTexto en francés, inglés y alemán.
600 0 4 _aAristóteles-
_xCrítica e interpretación.
_922862
700 1 _aAubenque, Pierre.
_923787
830 1 _aBibliothèque d'histoire de la philosophie
_9177275
852 4 _aES-MaACL
_jL-11874
999 _c149128
_d149128